| 000 | 00432nam a2200157Ia 4500 | ||
|---|---|---|---|
| 008 | 191129s9999 xx 000 0 und d | ||
| 020 | _a9781438010397 | ||
| 100 | _aLong, Lynette | ||
| 245 |
_cLynette Long _aPainless geometry/ |
||
| 250 | _a3rd. ed. | ||
| 260 |
_aNY: _bBarron's Educational Series Inc. _c2018 |
||
| 300 |
_ax, 374 p. ; _bill. : _c23 cm. |
||
| 500 | _aIncludes index | ||
| 650 | _aGeometry | ||
| 650 | _aMathematics | ||
| 999 |
_c362781 _d362781 |
||